| 000 | 00000nam##2200000za#4500 |
| 001 | 9.695845 |
| 003 | CaOODSP |
| 005 | 20210624234748 |
| 007 | cr ||||||||||| |
| 008 | 150407|1999||||xxc|||||o f|0| 0 eng|d |
| 040 | |aCaOODSP|beng |
| 043 | |an-cn--- |
| 086 | 1 |aH39-514/1999E-PDF |
| 110 | 1 |aCanada. |bHealth Canada. |
| 245 | 14|aThe public education component of the tobacco control initiative |h[electronic resource] |
| 260 | |aOttawa - Ontario : |bHealth Canada |c[1999]. |
| 300 | |a3p. |
| 500 | |aAt head of title: Information. |
| 590 | |a12-08-Supp|b2012-03-16 |
| 690 | 07|aSmoking prevention|2gcpds |
| 775 | 08|tVolet « sensibilisation du public » de l'Initiative de lutte contre le tabagisme |w(CaOODSP)9.639943 |
| 856 | 40|ahttp://publications.gc.ca|qPDF|s51 KB|uhttps://publications.gc.ca/collections/Collection/H39-514-1999E.pdf |